Statistics for Ultimate Marvel and DC Aliases Quiz

Click here to take the quiz!

General Stats

  • This quiz has been taken 38 times
    (4 since last reset)
  • The average score is 199 of 230

Answer Stats

HintAnswer% Correct
Warren WorthingtonAngel
100%
Scott LangAntman
100%
Hank PymAntman (Original)
100%
Arthur CurryAquaman
100%
Raymond PalmerAtom
100%
Barbara GordonBatgirl
100%
Bruce WayneBatman
100%
Thomas WayneBatman (Flashpoint)
100%
Katherine KaneBatwoman
100%
Henry McCoyBeast
100%
Garfield LoganBeast Boy
100%
Dinah LanceBlack Canary
100%
Felicia HardyBlack Cat
100%
David HydeBlack Manta
100%
Roman SionisBlack Mask
100%
T'ChallaBlack Panther
100%
Natasha RomanoffBlack Widow
100%
Dan Garret | Jaime ReyesBlue Beetle
100%
Karen BeecherBumblebee
100%
Julian DayCalendar Man
100%
Steve RogersCaptain America
100%
George HarknessCaptain Boomerang
100%
Carol DanversCaptain Marvel
100%
Cletus KasadyCarnage
100%
Selina KyleCatwoman
100%
Barbara MinervaCheetah
100%
Victor StoneCyborg
100%
Scott SummersCyclops
100%
Matt MurdockDaredevil
100%
Wade WilsonDeadpool
100%
Floyd LawtonDeadshot
100%
Slade WilsonDeathstroke
100%
Victor Von DoomDoctor Doom
100%
Kent NelsonDoctor Fate
100%
Arthur LightDoctor Light
100%
Jonathan OstermanDoctor Manhattan
100%
Stephen StrangeDoctor Strange
100%
Neena ThurmanDomino
100%
June Moone | Sylvie LushtonEnchantress
100%
Sam WilsonFalcon
100%
Garfield LynnsFirefly
100%
Angelica JonesFirestar
100%
Ronnie Raymond + Martin SteinFirestorm
100%
Barry Allen | Jay GarrickFlash
100%
Remy LeBeauGambit
100%
Gwen StacyGhost Spider
100%
Oliver QueenGreen Arrow
100%
Norman OsbornGreen Goblin
100%
Alan Scott | Guy Gardner | Hal Jordan | +3 othersGreen Lantern
100%
Harleen QuinzelHarley Quinn
100%
Alexander SummersHavok
100%
Clint Barton | Kate BishopHawkeye
100%
Kendra SaundersHawkgirl
100%
Katar HolHawkman
100%
Goddess of DeathHela Odinsdottir
100%
Bruce BannerHulk
100%
Jonathan StormHuman Torch
100%
Thomas ElliotHush
100%
Susan StormInvisible Woman
100%
Riri WilliamsIronheart
100%
Tony StarkIronman
100%
Tatsu YamashiroKatana
100%
Wally WestKid Flash
100%
Waylon JonesKiller Croc
100%
Caitlin SnowKiller Frost
100%
Erik KillmongerKillmonger
100%
Leslie WillisLivewire
100%
God of MischiefLoki Laufeyson
100%
Jervis TetchMad Hatter
100%
Erik LehnsherrMagneto
100%
Kirk LangstromManbat
100%
J'onn J'onzzMartian Manhunter
100%
Lunella LafayetteMoon Girl
100%
Marc SpectorMoon Knight
100%
Reed RichardsMr. Fantastic
100%
Victor FriesMr. Freeze
100%
Kamala KhanMs. Marvel
100%
Raven DarkhölmeMystique
100%
Kurt WagnerNightcrawler
100%
Dick GraysonNightwing
100%
Christopher SmithPeacemaker
100%
Oswald CobblepotPenguin
100%
Jean GreyPhoenix
100%
Pamela IsleyPoison Ivy
100%
Lazlo ValentinProfessor Pyg
100%
Charles XavierProfessor X
100%
Aaron DavisProwler
100%
Frank CastlePunisher
100%
Renee Montoya | Victor SzaszQuestion
100%
Pietro MaximoffQuicksilver
100%
Rose WilsonRavager
100%
Jason ToddRed Hood
100%
Tim DrakeRed Robin
100%
Johann SchmidtRed Skull
100%
Pepper PottsRescue
100%
Eobard ThawneReverse Flash
100%
Edward NygmaRiddler
100%
Damian WayneRobin
100%
Anna MarieRogue
100%
Jonathan CraneScarecrow
100%
Wanda MaximoffScarlet Witch
100%
Billy BatsonShazam
100%
Jennifer WaltersShe-Hulk
100%
Cindy MoonSilk
100%
Cyrus GoldSolomon Grundy
100%
Thomas MaximoffSpeed
100%
Mia Dearden | Roy HarperSpeedy
100%
Mayday ParkerSpider-Girl
100%
Miles Morales | Peter ParkerSpider-Man
100%
Hobie BrownSpider-Punk
100%
Jessica DrewSpider-Woman
100%
Doreen GreenSquirrel Girl
100%
Princess Koriand'rStarfire
100%
Peter QuillStar Lord
100%
Ororo MunroeStorm
100%
Conner KentSuperboy
100%
Kara Zor-ElSupergirl
100%
Clark KentSuperman
100%
Alec HollandSwamp Thing
100%
Ben GrimmThe Thing
100%
God of ThunderThor Odinson
100%
Harvey DentTwoface
100%
Eddie BrockVenom
100%
James RhodesWar Machine
100%
Janet Van DyneWasp
100%
Hope Van DyneWasp (Original)
100%
Sara LanceWhite Canary
100%
Yelena BelovaWhite Widow
100%
Bucky BarnesWinter Soldier
100%
James Howlett (Logan)Wolverine
100%
Diana PrinceWonder Woman
100%
Laura KinneyX-23
100%
Rick JonesA-Bomb
67%
Emil BlonskyAbomination
67%
Carl CreelAbsorbing Man
67%
Sharon CarterAgent 13
67%
Flash ThompsonAgent Venom
67%
Lucas BishopBishop
67%
Kent ClarkBizzaro
67%
Blackagar BoltagonBlack Bolt
67%
Dane WhitmanBlack Knight
67%
Eric Cross BrooksBlade
67%
Frederick DukesBlob
67%
Robert DuBoisBloodsport
67%
Michael CarterBooster Gold
67%
Brian BraddocCaptain Britain
67%
Peggy CarterCaptain Carter
67%
Leonard SnartCaptain Cold
67%
Dmitri SmerdyakovChameleon
67%
Basil KarloClayface
67%
William TockmanClock King
67%
Mitchell MayoCondiment King
67%
Brock RumlowCrossbones
67%
Otto OctaviusDoctor Octopus
67%
Edgar CizkoDoctor Psycho
67%
Arthur DouglasDrax the Destroyer
67%
Max DillonElectro
67%
Johnny BlazeGhost Rider
67%
Duck DodgersGreen Loontern
67%
Jeannine SauvageGuillotine
67%
Gwendolyn PooleGwenpool
67%
Helena Rosa BertinelliHuntress
67%
Robert DrakeIceman
67%
Obadiah StaneIron Monger
67%
Cain MarkoJuggernaut
67%
Drury WalkerKiller Moth
67%
NanaueKing Shark
67%
Charles BrownKiteman
67%
Ulysses KlaueKlaw
67%
Alexei KravinoffKraven The Hunter
67%
Curtis ConnorsLizard
67%
M'BakuMan-Ape
67%
Jane FosterMighty Thor
67%
Sam ScudderMirror Master
67%
Steven GrantMr. Knight
67%
Martin LiMr. Negative
67%
Quentin BeckMysterio
67%
Samuel AlexanderNova
67%
Patrick O'BrianPlastic Man
67%
Abner KrillPolka-Dot Man
67%
Betsy BraddockPsylocke
67%
Alexis KayePunchline
67%
Jacob GallowsPunisher 2099
67%
Rachel RothRaven
67%
Alexei ShostakovRed Guardian
67%
Thunderbolt RossRed Hulk
67%
Betty RossRed She-Hulk
67%
Alexei SytsevichRhino
67%
Flint MarkoSandman
67%
Benjamin ReilyScarlet Spider
67%
Elaine CollScorpia
67%
MacDonald GarganScorpion
67%
Herman SchultzShocker
67%
Kenuichio HaradaSilver Samurai
67%
Norrin RaddSilver Surfer
67%
Robert BaldwinSpeedball
67%
Peter PorkerSpider-Ham
67%
Miguel O'HaraSpider-Man 2099
67%
Cassandra LangStature
67%
Fritz von MeyerSwarm
67%
Anthony MastersTaskmaster
67%
Mortimer ToynbeeToad
67%
Lonnie LincolnTombstone
67%
James JesseTrickster
67%
Adrian ChaseVigilante
67%
Adrian ToomesVulture
67%
John MonroeWeasel
67%
Billy MaximoffWiccan
67%
Yuri WatanabeWraith
67%
Princess of PrestidigitationZatanna
67%
Lonnie MachinAnarky
33%
Nathan SummersCable
33%
Roderick KingsleyHobgoblin
33%
Morris BenchHydro-Man
33%
Daniel RandIron Fist
33%
David HallerLegion
33%
Mark RaxtonMolten Man
33%
Simon WilliamsWonder Boy
33%

Score Distribution

Percentile by Number Answered

Percent of People with Each Score

Your Score History

You have not taken this quiz since the last reset